Municipios catalanes que empiezan por "Sant" o "Santa" - Estadísticas

Estadísticas generales
  • Esta prueba ha sido intentada 1.696 veces
  • La puntuación promedio es 53 de 109
Estadísticas de respuestas
Comarca Municipio % Correcto
Ripollès Sant {Joan} de les Abadesses
87%
Gironès Sant {Joan} de Mollet
87%
Baix Llobregat Sant {Joan} Despí
87%
Bages Sant {Joan} de Vilatorrada
87%
Garrotxa Sant {Joan} les Fonts
87%
Baix Llobregat Santa {Coloma} de Cervelló
80%
Selva Santa {Coloma} de Farners
80%
Barcelonès Santa {Coloma} de Gramenet
80%
Conca de Barberà Santa {Coloma} de Queralt
80%
Osona Santa {Maria} de Besora
80%
Vallès Oriental Santa {Maria} de Martorelles
80%
Berguedà Santa {Maria} de Merlès
80%
Anoia Santa {Maria} de Miralles
80%
Vallès Oriental Santa {Maria} de Palautordera
80%
Moianès Santa {Maria} d'Oló
80%
Alt Penedès Santa {Fe} del Penedès
74%
Garraf Sant {Pere} de Ribes
73%
Alt Penedès Sant {Pere} de Riudebitlles
73%
Osona Sant {Pere} de Torelló
73%
Vallès Oriental Sant {Pere} de Vilamajor
73%
Alt Empordà Sant {Pere} Pescador
73%
Anoia Sant {Pere} Sallavinera
73%
Selva Sant {Feliu} de Buixalleu
69%
Vallès Oriental Sant {Feliu} de Codines
69%
Baix Empordà Sant {Feliu} de Guíxols
69%
Baix Llobregat Sant {Feliu} de Llobregat
69%
Garrotxa Sant {Feliu} de Pallerols
69%
Bages Sant {Feliu} Sasserra
69%
Vallès Occidental Sant {Cugat} del Vallès
65%
Alt Penedès Sant {Cugat} Sesgarrigues
65%
Baix Llobregat Sant {Andreu} de la Barca
64%
Maresme Sant {Andreu} de Llavaneres
64%
Gironès Sant {Andreu} Salou
64%
Baix Llobregat Sant {Boi} de Llobregat
63%
Osona Sant {Boi} de Lluçanès
63%
Barcelonès Sant {Adrià} de Besòs
62%
Garrotxa Santa {Pau}
61%
Ripollès Sant {Pau} de Segúries
61%
Baix Llobregat Sant {Just} Desvern
56%
Osona Sant {Martí} d'Albars
56%
Osona Sant {Martí} de Centelles
56%
Gironès Sant {Martí} de Llémena
56%
Urgell Sant {Martí} de Riucorb
56%
Anoia Sant {Martí} de Tous
56%
Alt Penedès Sant {Martí} Sarroca
56%
Anoia Sant {Martí} Sesgueioles
56%
Gironès Sant {Martí} Vell
56%
Bages Sant {Vicenç} de Castellet
52%
Baix Llobregat Sant {Vicenç} dels Horts
52%
Maresme Sant {Vicenç} de Montalt
52%
Osona Sant {Vicenç} de Torelló
52%
Maresme Sant {Pol} de Mar
51%
Pallars Jussà Sant {Esteve} de la Sarga
50%
Vallès Oriental Sant {Esteve} de Palautordera
50%
Baix Llobregat Sant {Esteve} Sesrovires
50%
Gironès Sant {Jordi} Desvalls
50%
Vallès Occidental Santa {Perpètua} de Mogoda
48%
Vallès Oriental Sant {Antoni} de Vilamajor
47%
Berguedà Sant {Jaume} de Frontanyà
47%
Garrotxa Sant {Jaume} de Llierca
47%
Baix Penedès Sant {Jaume} dels Domenys
47%
Montsià Sant {Jaume} d'Enveja
47%
Alt Penedès Sant {Sadurní} d'Anoia
46%
Osona Sant {Sadurní} d'Osormort
46%
Osona Santa {Eulàlia} de Riuprimer
43%
Vallès Oriental Santa {Eulàlia} de Ronçana
43%
Berguedà Sant {Julià} de Cerdanyola
43%
Selva Sant {Julià} del Llor i Bonmatí
43%
Gironès Sant {Julià} de Ramis
43%
Osona Sant {Julià} de Vilatorta
43%
Baix Empordà Santa {Cristina} d'Aro
40%
Pla de l'Estany Sant {Miquel} de Campmajor
39%
Alt Empordà Sant {Miquel} de Fluvià
39%
Alt Empordà Sant {Llorenç} de la Muga
36%
Solsonès Sant {Llorenç} de Morunys
36%
Alt Penedès Sant {Llorenç} d'Hortons
36%
Vallès Occidental Sant {Llorenç} Savall
36%
Osona Sant {Quirze} de Besora
36%
Vallès Occidental Sant {Quirze} del Vallès
36%
Moianès Sant {Quirze} Safaja
36%
Anoia Santa {Margarida} de Montbui
34%
Alt Penedès Santa {Margarida} i els Monjos
34%
Maresme Santa {Susanna}
34%
Selva Sant {Hilari} Sacalm
33%
Baix Llobregat Sant {Climent} de Llobregat
31%
Alt Empordà Sant {Climent} Sescebes
31%
Vallès Oriental Sant {Celoni}
24%
Osona Sant {Hipòlit} de Voltregà
23%
Bages Sant {Salvador} de Guardiola
23%
Vallès Oriental Sant {Fost} de Campsentelles
22%
Bages Sant {Fruitós} de Bages
22%
Alt Penedès Sant {Quintí} de Mediona
21%
Montsià Santa {Bàrbara}
20%
Segarra Sant {Guim} de Freixenet
20%
Segarra Sant {Guim} de la Plana
20%
Bages Sant {Mateu} de Bages
20%
Segarra Sant {Ramon}
19%
Osona Santa {Eugènia} de Berga
18%
Osona Sant {Bartomeu} del Grau
17%
Maresme Sant {Iscle} de Vallalta
17%
Maresme Sant {Cebrià} de Vallalta
16%
Osona Sant {Agustí} de Lluçanès
15%
Garrotxa Sant {Aniol} de Finestres
15%
Osona Santa {Cecília} de Voltregà
14%
Gironès Sant {Gregori}
12%
Baix Penedès Santa {Oliva}
11%
Alt Empordà Santa {Llogaia} d'Àlguema
9%
Alt Empordà Sant {Mori}
7%
Garrotxa Sant {Ferriol}
6%
No se encontraron pruebas coincidentes
Distribución de puntuación
Porcentaje de gente con cada puntuación
Porcentaje por número respondido
Historial de tus puntuaciones
No has intentado esta prueba.